| 000 | 00479nam a2200181Ia 4500 | ||
|---|---|---|---|
| 005 | 20250117061243.0 | ||
| 008 | 240331s9999 xx 000 0 und d | ||
| 082 |
_bKAM _24833 _a305.3 |
||
| 100 | _aBhasin, K | ||
| 100 | _aThapar, B | ||
| 245 | 0 |
_aTurning Dangers into Opportunities: _bYoung People and HIV/AIDS in South Asia |
|
| 260 |
_aNew Delhi _bJagori _c2003 |
||
| 300 | _ax, 82 p., (C III) | ||
| 650 | _aYouth | ||
| 650 | _aSouth Asia | ||
| 650 | _aHIV/AIDS | ||
| 942 | _cL | ||
| 999 |
_c1613 _d1613 |
||